000 00902nam a2200253Ia 4500
003 OSt
005 20221005112850.0
006 a|||||r|||| 00| 0
007 ta
008 221004b |||||||| |||| 00| 0 pan d
020 _a8181380592 (hbk)
_c440
024 _a5415
037 _b696, 14/06/2013, H.K. Prakashan
_cTextual
040 _aCRL
_cCRL
_bpan
041 _2pan
_apan
082 _aQ8441:21:g, 153Q0
100 _aਸਾਗੂ, ਹਰਬੰਸ ਕੌਰ, ਥਦ.
245 0 _aਗੁਰੂ ਗੰ੍ਰਥ ਸਾਹਿਬ
_b ਇਤਿਹਾਸ ਦਾ ਸਰੋਤ
260 _aਦਿੱਲੀ
_bਐਮ ਪੀ ਪ੍ਰਕਾFਨ ਭਾਰਤ
_c2010
300 _a287ਪੰ
_ccm.
650 _aਧਰਮ
942 _hQ8441:21:g, 153Q0
_cTEXL
_2cc
999 _c1026242
_d1026242